000
00293cam a2200121ua 4500
020
_a
0-85223-232-2
082
_a
028.71770
_b
HED/PH
100
_a
Hedgecoe, John .
_9
1544
245
_a
Photographer`s Handbbook /
260
_a
London :
_b
Ebury press ,
_c
1985.
300
_a
352 ; .
942
_c
BK
999
_c
9101
_d
9101